सर्व दर्शन सार / (Record no. 120316)

MARC details
000 -LEADER
fixed length control field 01169nam a22002897a 4500
003 - CONTROL NUMBER IDENTIFIER
control field dpl
005 - DATE AND TIME OF LATEST TRANSACTION
control field 20190408131356.0
008 - FIXED-LENGTH DATA ELEMENTS--GENERAL INFORMATION
fixed length control field 190408b ||||| |||| 00| 0 eng d
010 ## - LIBRARY OF CONGRESS CONTROL NUMBER
LC control number B-058289
020 ## - INTERNATIONAL STANDARD BOOK NUMBER
Terms of availability 175.00
International Standard Book Number 8172762283
035 ## - SYSTEM CONTROL NUMBER
System control number B-058289, B-058293, B-058290
037 ## - SOURCE OF ACQUISITION
Source of stock number/acquisition Cen Lib/Ret
040 ## - CATALOGING SOURCE
Original cataloging agency DPL
Language of cataloging HN
Transcribing agency 0
082 ## - DEWEY DECIMAL CLASSIFICATION NUMBER
Classification number 181.4
Item number शांतिध
100 ## - MAIN ENTRY--PERSONAL NAME
Personal name शांतिधर्मानंद, स्वामी
9 (RLIN) 45104
245 ## - TITLE STATEMENT
Title सर्व दर्शन सार /
Statement of responsibility, etc शांतिधर्मानंद स्वामी
246 ## - VARYING FORM OF TITLE
Title proper/short title Sarv darshan saar /
Remainder of title by Shantidharmand Swamy
260 ## - PUBLICATION, DISTRIBUTION, ETC. (IMPRINT)
Place of publication, distribution, etc मुंबई
Name of publisher, distributor, etc भारतीय विद्या भवन
Date of publication, distribution, etc 2000
270 ## - ADDRESS
Address कुलपति मुंशी मार्ग
City मुंबई
Postal code 400007
300 ## - PHYSICAL DESCRIPTION
Extent 212पृ.
Dimensions 20सेमी (सजिल्द)
500 ## - GENERAL NOTE
General note परिशिष्ट शामिल
650 ## - SUBJECT ADDED ENTRY--TOPICAL TERM
Topical term or geographic name as entry element दर्शन
9 (RLIN) 104955
650 ## - SUBJECT ADDED ENTRY--TOPICAL TERM
Topical term or geographic name as entry element दर्शन--वेद
9 (RLIN) 104956
650 ## - SUBJECT ADDED ENTRY--TOPICAL TERM
Topical term or geographic name as entry element Philosophy
9 (RLIN) 104957
650 ## - SUBJECT ADDED ENTRY--TOPICAL TERM
Topical term or geographic name as entry element Philosophy - Veda
9 (RLIN) 89667
942 ## - ADDED ENTRY ELEMENTS (KOHA)
Source of classification or shelving scheme Dewey Decimal Classification
Koha item type English Books
Classification part 181.4
Call number suffix शांतिध
Holdings
Withdrawn status Lost status Source of classification or shelving scheme Damaged status Not for loan Home library Current library Date acquired Source of acquisition Cost, normal purchase price Total Checkouts Full call number Barcode Date last seen Date checked out Copy number Cost, replacement price Price effective from Koha item type Collection code
    Dewey Decimal Classification     Central Library Central Library 22/09/2015 Cen Lib/Ref 175.00 3 181.4 शांतिध B-058289 10/05/2019 06/05/2019 1 175.00 22/09/2015 Hindi Books  
    Dewey Decimal Classification     Shahdara Branch Shahdara Branch 08/04/2019 BPPD/PUB 175.00   181.4 शांतिध B-058293 08/04/2019     175.00 08/04/2019 English Books Non-fiction
    Dewey Decimal Classification     Shahdara Branch Shahdara Branch 08/04/2019 BPPD/PUB 175.00   181.4 शांतिध B-058290 08/04/2019     175.00 08/04/2019 English Books Non-fiction

© Delhi Public Library
Hit Counter
free hit counter